000 01189nam a2200313 a 4500
003 DO-SdBNP
005 20240719125809.0
008 081127s1994 ck a 000 0 spa d
020 _a9580469679
040 _aBPMSU
_bspa
_cBPMSU
082 4 _a863.3
_bG643l 2006
_222
100 1 _aGonzález Mejía, Conrado
245 1 3 _aEl Lazarillo de Tormes ; A propósito de Lazarillo de Tormes /
_cversión Conrado González Mejía, Luis González Guzmán
246 1 3 _aA propocito de la novela picaresca
250 _a
260 _aBogotá :
_bGrupo Editorial Norma ,
_c1994.
300 _a69, 34 p.;
_c19 cm.
_b
490 0 _aCara cruz
500 _aIncluye referencias bibliográficas y notas al pie de las páginas
505 0 _tTratado primero. Cuenta Lázaro su vida, y de cuyo hijo fué --
563 _aDos obras encuadernadas juntas con paginación invertidas
590 _aInventariado, 2024/VM
650 4 _aNovela española
650 4 _aLiteratura picaresca española
_xHistoria y crítica.
700 1 _aGonzález Guzmán, Luis
_eversión
_c
740 4 _aA propósito de Lazarillo de Tormes
910 _aVmateo V. Control de calidad. BPMSU
942 _2ddc
_cBK
999 _c11073
_d11073